000 00853cam a22001934a 4500
005 20250605164226.0
008 250528s ||||||||||||||||||||||||d
035 _a20861
020 _a9789602193181
040 _aGR-AtMCL
_bgre
_dGR-AtMCL
_eAACR2
245 1 _aΌλα από δύο / Λογοτεχνία για Νέους
260 _bΚαλέντης,
_c2014
300 _a120
520 _a"Τα έχω όλα από δύο" λέει ο μικρός Άλεξ που μας αφηγείται την ιστορία του και πως έχει αλλάξει η ζωή του μετά το χωρισμό των γονιών του. Εκείνος όμως έχει καταφέρει να ξαναβρεί την ευτυχία...
700 1 _aΣγκαρντόλι Γκουίντο
_96837
942 _cBK
999 _c5942
_d5942